00593nam a2200169 i 450000100060000000300090000600500170001500700030003200800410003510000370007624500770011326000400019030000220023085200320025299900170028495201220030126648ES-MaACL20230906153458.0t|030110s1972 sp ||||1| cat d1 aArumí Blancafort, Luis.92350713aLa guerra dels carlins vista per un infant / cLluis Arumí Blancafort. aGranollers : bEd. Alpina, c[1972] a165 p. ; c19 cm. aES-MaACLjC-51759 bR.83751 c26648d26648 00104070aATENEOMbATENEOMcDEPO2d2008-01-17eSCl0oC-51759p1027500r2023-02-23 00:00:00w2023-02-23yMONOGRAFIA